| 000 | 00799nam a22001937a 4500 | ||
|---|---|---|---|
| 003 | BD-DhUL | ||
| 005 | 20170308170028.0 | ||
| 008 | 170308b1964 B a|||| |||| 00| 0 B d | ||
| 040 |
_aBD-DhUL _cBD-DhUL |
||
| 082 |
_a954.7 _bABI |
||
| 100 | 1 | _aকরিম, আবদুল | |
| 245 | 1 | 0 |
_aইসলামাবাদ _cআবদুল করিম ও সৈয়দ মুর্তাজা আলী |
| 260 |
_aঢাকা : _bবাঙলা একাডেমী, _c১৯৬৪. |
||
| 300 |
_aসাত, ২৫৬ পৃষ্ঠা ; _c২১ সেমি. |
||
| 650 | 4 |
_aইতিহাস _zচট্টগ্রাম _zবাংলাদেশ |
|
| 650 | 4 |
_aHistory _zChittagong _zBangladesh |
|
| 700 | 1 | _aআলী, সৈয়দ মুর্তাজা | |
| 942 |
_2ddc _cREF |
||
| 999 |
_c161153 _d161153 |
||